书目信息 |
| 题名: |
引领卓越
|
|
| 作者: | 朱孝忠 , 徐安德 主编 | |
| 分册: | 上册 | |
| 出版信息: | 北京 北京教育出版社 2021 |
|
| 页数: | 449页 | |
| 开本: | 24cm | |
| 丛书名: | 全国名师工作室联盟学术丛书 | |
| 单 册: | ||
| 中图分类: | G521 | |
| 科图分类: | ||
| 主题词: | 教育事业--发展--研究--中国 | |
| 电子资源: | ||
| ISBN: | 978-7-5704-3120-5 | |
| 000 | 01094oam2 2200265 450 | |
| 001 | 2374610502 | |
| 005 | 20231109204500.42 | |
| 010 | @a978-7-5704-3120-5@dCNY79.00 | |
| 100 | @a20210720d2021 em y0chiy50 ea | |
| 101 | 0 | @achi |
| 102 | @aCN@b110000 | |
| 105 | @aa z 000yy | |
| 200 | 1 | @a引领卓越@9yin ling zhuo yue@e全国百家名师工作室发展启示录@dLeading for excellence@ereports from 100 teachers' learning teams@h上册@f朱孝忠,徐安德主编@zeng |
| 210 | @a北京@c北京教育出版社@d2021 | |
| 215 | @a449页@c图@d24cm | |
| 225 | 1 | @a全国名师工作室联盟学术丛书 |
| 330 | @a本书提供了一大批可以触摸到的有血有肉、有温度的卓越教师的榜样,淡化了学科、学段的界限,突出了“引领走向卓越”的主题,回答了在走向卓越路上应抓住的关键环节及破解难题的策略、 方法。 | |
| 461 | 0 | @12001 @a全国名师工作室联盟学术丛书 |
| 510 | 1 | @aLeading for excellence@ereports from 100 teachers' learning teams@zeng |
| 606 | 0 | @a教育事业@x发展@x研究@y中国 |
| 690 | @aG521@v5 | |
| 701 | 0 | @a朱孝忠@9zhu xiao zhong@4主编 |
| 701 | 0 | @a徐安德@9xu an de@4主编 |
| 801 | 0 | @aCN@b91MARC@c20210808 |
| 905 | @aBZT@dG521@e13:1 | |
| 引领卓越:全国百家名师工作室发展启示录=Leading for excellence:reports from 100 teachers' learning teams.上册/朱孝忠,徐安德主编.-北京:北京教育出版社,2021 |
| 449页:图;24cm.-(全国名师工作室联盟学术丛书) |
| ISBN 978-7-5704-3120-5:CNY79.00 |
| 本书提供了一大批可以触摸到的有血有肉、有温度的卓越教师的榜样,淡化了学科、学段的界限,突出了“引领走向卓越”的主题,回答了在走向卓越路上应抓住的关键环节及破解难题的策略、 方法。 |
| ● |
| 相关链接 |
|
|
|
正题名:引领卓越
索取号:G521/13:1
 
预约/预借
| 序号 | 登录号 | 条形码 | 馆藏地/架位号 | 状态 | 备注 |
| 1 | 2000980148 | 2000980148 | 中教第一批/山东中教(第一批)/230/ [索取号:G521/13:1] | 在馆 | |
| 2 | 2000980149 | 2000980149 | 中教第一批/山东中教(第一批)/230/ [索取号:G521/13:1] | 在馆 | |
| 3 | 2000980150 | 2000980150 | 中教第一批/山东中教(第一批)/230/ [索取号:G521/13:1] | 在馆 | |
| 4 | 2000980151 | 2000980151 | 中教第一批/山东中教(第一批)/230/ [索取号:G521/13:1] | 在馆 | |
| 5 | 2000980152 | 2000980152 | 中教第一批/山东中教(第一批)/230/ [索取号:G521/13:1] | 在馆 | |
| 6 | 2000980153 | 2000980153 | 中教第一批/山东中教(第一批)/230/ [索取号:G521/13:1] | 在馆 |